Netflix Quiz - Statistics

General Stats
  • This quiz has been taken 56 times
  • The average score is 4 of 5
Answer Stats
Question Answer % Correct
Horror movies exist in Netflix. True
100%
True or False? There is a movie that is called: "Candy or Not?". False
89%
YouTube also has these. Movies
78%
There is a show that shows if something is cake or real. True
78%
For they're text, what color is it? Red
44%
No matching quizzes found
Score Distribution
Percent of People with Each Score
Percentile by Number Answered
Your Score History
You have not taken this quiz